Economía proteccionista
Bewaard in:
| Hoofdauteur: | |
|---|---|
| Formaat: | Boek |
| Taal: | Spaans |
| Gepubliceerd in: |
Ciudad de México
Gernika
1990
|
| Reeks: | Economía
|
| Onderwerpen: | |
| Tags: |
Voeg label toe
Geen labels, Wees de eerste die dit record labelt!
|
MARC
| LEADER | 00000nam a2200000 a 4500 | ||
|---|---|---|---|
| 001 | UCV2785 | ||
| 003 | CL-VaPUC | ||
| 008 | 921109e19900000MX |||||||||||||||||spa|d | ||
| 082 | 0 | 4 | |a 330.9 |b BHA |2 21 |
| 100 | 0 | |a Bhagwati, Jagdish N |e author |9 297052 | |
| 245 | 1 | 0 | |a Economía proteccionista |
| 300 | |a 163 p | ||
| 942 | |c BK | ||
| 945 | |d 19921109 00:00:00 | ||
| 260 | |a Ciudad de México |b Gernika |c 1990 | ||
| 650 | 0 | |a Economía |9 255568 | |
| 583 | |a last modification |c 20160426 10:12:48 |k Rodrigo Vera | ||
| 490 | 0 | |a Economía | |
| 999 | |c 210273 |d 210271 | ||
| 952 | |0 0 |1 0 |4 0 |6 330_900000000000000_BHA_1990 |7 0 |8 A |9 186378 |a BIBDER |b BIBDER |d 2019-11-14 |i 2538547 |o 330.9 BHA 1990 |p 2538547 |r 2023-01-25 |w 2019-11-14 |y BK |k DER | ||